Tratado de ejecuciones hipotecarias
Guardat en:
| Autor principal: | |
|---|---|
| Format: | Llibre |
| Idioma: | espanyol |
| Publicat: |
Valencia
Tirant Lo Blanch
2009
|
| Edició: | 1a. ed |
| Col·lecció: | Tratados
|
| Matèries: | |
| Etiquetes: |
Afegir etiqueta
Sense etiquetes, Sigues el primer a etiquetar aquest registre!
|
MARC
| LEADER | 00000cam a2200000 a 4500 | ||
|---|---|---|---|
| 001 | UCD4430 | ||
| 003 | CL-VaPUC | ||
| 008 | 160708e20090000sp |||||||||||||||||spa|d | ||
| 020 | |a 9788498764680 | ||
| 082 | 0 | 4 | |a 346.074 |b MON |2 21 |
| 100 | |a Montero Aroca, Juan |e autor |9 618415 | ||
| 245 | 1 | 0 | |a Tratado de ejecuciones hipotecarias |
| 250 | |a 1a. ed | ||
| 300 | |a 1260 p | ||
| 942 | |c BK | ||
| 945 | |d 20160708 23:22:00 |a dcastane | ||
| 260 | |a Valencia |b Tirant Lo Blanch |c 2009 | ||
| 650 | 0 | |a Hipoteca |9 255780 | |
| 650 | 0 | |a Derecho Real |9 390880 | |
| 650 | 7 | |a CONTRATO HIPOTECARIO |2 CL-VaPUC |9 396011 | |
| 650 | 7 | |a ESCRITURA PUBLICA |2 CL-VaPUC |9 385140 | |
| 583 | |a last modification |c 20160708 23:22:00 |k Rodrigo Vera | ||
| 490 | 0 | |a Tratados | |
| 999 | |c 365328 |d 365326 | ||
| 952 | |0 0 |1 0 |3 erd |4 0 |6 346_074000000000000_MON_2009 |7 0 |8 A |9 479144 |a BIBDER |b BIBDER |i 5297273 |o 346.074 MON 2009 |p 5297273 |r 2023-01-25 |w 2019-11-24 |y BK |z Catalogado en:20160708 |k DER | ||